00419nam a22001457a 4500010001500000020002600015035001400041037001300055082001200068100002000080245004400100260005900144270004200203300002800245 aENG-118091 a9789383420308c200.00 aEN-101623 bDBAD/PUB a551.483 aMorisawa, Marie aStreams:btheir dynamics and morpology/ aKolkatabBimal Kumar Dhur of Academic Publishersc2017 a5A Bhawani Dutta Lane, Kolkata-700073 axvi, 175p.c22cm. (pbk)